PATHOPHSIOLOGY: A TEXTBOOK (Record no. 7476)

MARC details
000 -LEADER
fixed length control field 00454nam a22001697a 4500
005 - DATE AND TIME OF LATEST TRANSACTION
control field 20210227143947.0
008 - FIXED-LENGTH DATA ELEMENTS--GENERAL INFORMATION
fixed length control field 210227b ||||| |||| 00| 0 eng d
020 ## - INTERNATIONAL STANDARD BOOK NUMBER
ISBN 9789384875527
041 ## - LANGUAGE CODE
Language code of text/sound track or separate title eng
082 ## - DEWEY DECIMAL CLASSIFICATION NUMBER
Classification number 612 KUR
100 ## - MAIN ENTRY--AUTHOR NAME
Personal name KUMAR PRASHANT ,SINGH RAKESH AND YADAV YOGESH CHAND
245 ## - TITLE STATEMENT
Title PATHOPHSIOLOGY: A TEXTBOOK
260 ## - PUBLICATION, DISTRIBUTION, ETC. (IMPRINT)
Place of publication MODI NAGAR
Name of publisher UNNATI PUBLICATION
Year of publication 2020
300 ## - PHYSICAL DESCRIPTION
Number of Pages 159 P.
650 ## - SUBJECT ADDED ENTRY--TOPICAL TERM
Topical Term PHARMACY
942 ## - ADDED ENTRY ELEMENTS (KOHA)
Koha item type Books
Holdings
Lost status Damaged status Collection code Home library Current library Shelving location Date acquired Source of acquisition Cost, normal purchase price Full call number Accession Number Koha item type
    Reference JRU Library JRU Library SHELF-4-E 27/02/2021 UNNATI PUBLICATION 259.00 612 KUR 25600 Books
    PHARMACY JRU Library JRU Library Shelf - 22- F 27/02/2021 UNNATI PUBLICATION 259.00 612 KUR 25601 Books
    PHARMACY JRU Library JRU Library Shelf - 22- H 27/02/2021 UNNATI PUBLICATION 259.00 612 KUR 25602 Books
    PHARMACY JRU Library JRU Library Shelf - 22- F 27/02/2021 UNNATI PUBLICATION 259.00 612 KUR 25603 Books
    PHARMACY JRU Library JRU Library Shelf - 23- H 27/02/2021 UNNATI PUBLICATION 259.00 612 KUR 25604 Books